Sports Quiz

Random Sports or NHL Quiz

NHL Stats Leaders (2010s) Quiz Stats

 Plays Quiz Updated May 19, 2019

Score 0/200 Timer 19:00
12 Plays Today
% Correct
Sidney Crosby
95.5%
Sidney Crosby
95.5%
Sidney Crosby
95.5%
Sidney Crosby
95.5%
Sidney Crosby
95.5%
Sidney Crosby
95.5%
Sidney Crosby
95.5%
Alexander Ovechkin
95.1%
Alexander Ovechkin
95.1%
Alexander Ovechkin
95.1%
Alexander Ovechkin
95.1%
Alexander Ovechkin
95.1%
Alexander Ovechkin
95.1%
Alexander Ovechkin
95.1%
Patrick Kane
92.2%
Patrick Kane
92.2%
Patrick Kane
92.2%
Patrick Kane
92.2%
Patrick Kane
92.2%
Patrick Kane
92.2%
Evander Kane
91.4%
Evgeni Malkin
89.9%
Evgeni Malkin
89.9%
Evgeni Malkin
89.9%
Evgeni Malkin
89.9%
Evgeni Malkin
89.9%
Evgeni Malkin
89.9%
Evgeni Malkin
89.9%
Steven Stamkos
89.4%
Steven Stamkos
89.4%
Steven Stamkos
89.4%
Steven Stamkos
89.4%
Steven Stamkos
89.4%
Steven Stamkos
89.4%
Steven Stamkos
89.4%
John Tavares
85.5%
John Tavares
85.5%
John Tavares
85.5%
John Tavares
85.5%
Joe Thornton
84.4%
Jonathan Toews
83.7%
Jonathan Toews
83.7%
Jonathan Toews
83.7%
Erik Karlsson
83.2%
Erik Karlsson
83.2%
Erik Karlsson
83.2%
Brent Burns
82%
Brent Burns
82%
Tuukka Rask
81.9%
Tuukka Rask
81.9%
Tuukka Rask
81.9%
Tuukka Rask
81.9%
Tuukka Rask
81.9%
Marc-Andre Fleury
81.2%
Marc-Andre Fleury
81.2%
Marc-Andre Fleury
81.2%
Jonathan Quick
79.9%
Jonathan Quick
79.9%
Jonathan Quick
79.9%
Jonathan Quick
79.9%
Carey Price
79.7%
Carey Price
79.7%
Carey Price
79.7%
Carey Price
79.7%
Claude Giroux
79.6%
Claude Giroux
79.6%
Claude Giroux
79.6%
% Correct
Zdeno Chara
79.2%
Brad Marchand
79.2%
Brad Marchand
79.2%
Brad Marchand
79.2%
Pekka Rinne
79.1%
Pekka Rinne
79.1%
Pekka Rinne
79.1%
Pekka Rinne
79.1%
Nicklas Backström
79%
Nicklas Backström
79%
Nicklas Backström
79%
Henrik Lundqvist
78.9%
Henrik Lundqvist
78.9%
Henrik Lundqvist
78.9%
Patrice Bergeron
77%
Patrice Bergeron
77%
Corey Perry
76.9%
Connor McDavid
76.7%
Connor McDavid
76.7%
Braden Holtby
76.5%
Jamie Benn
76%
Ryan Getzlaf
75.7%
Anze Kopitar
75.4%
Anze Kopitar
75.4%
Anze Kopitar
75.4%
Duncan Keith
74.9%
Roberto Luongo
74.9%
Roberto Luongo
74.9%
Henrik Sedin
74.8%
Phil Kessel
74.1%
Phil Kessel
74.1%
Phil Kessel
74.1%
Phil Kessel
74.1%
Phil Kessel
74.1%
Phil Kessel
74.1%
Joe Pavelski
73.6%
Joe Pavelski
73.6%
Braden Holtby
73.5%
Drew Doughty
72.9%
Drew Doughty
72.9%
Kris Letang
72.8%
Kris Letang
72.8%
Corey Crawford
72.7%
Patrick Marleau
72%
Patrick Marleau
72%
Patrick Marleau
72%
Nikita Kucherov
70.5%
Auston Matthews
68.3%
Auston Matthews
68.3%
Tyler Seguin
67.5%
Victor Hedman
67.4%
Sergei Bobrovsky
66.6%
Craig Anderson
65.2%
Corey Crawford
64.3%
Jimmy Howard
63.9%
Tim Thomas
62.8%
Dustin Byfuglien
62.7%
Dustin Byfuglien
62.7%
Dustin Byfuglien
62.7%
Blake Wheeler
61.5%
Blake Wheeler
61.5%
Brent Seabrook
60.9%
Ryan Suter
60.4%
John Gibson
60.2%
P.K. Subban
60.1%
Ryan Miller
59.9%
Mark Giordano
59.3%
% Correct
Ben Bishop
55.5%
Ben Bishop
55.5%
Dustin Brown
55.3%
Zack Smith
55.1%
Patrik Laine
54.9%
Nathan MacKinnon
54.2%
Jack Eichel
54%
Cory Schneider
52.8%
Cory Schneider
52.8%
Martin Brodeur
52.2%
Rick Nash
50.5%
John Gibson
50.5%
Vladimir Tarasenko
48.6%
Artemi Panarin
48.3%
Zach Parise
48.1%
Martin St. Louis
47.6%
Jeff Carter
44.8%
Marian Hossa
43.4%
Marian Hossa
43.4%
Brayden Point
42.9%
Keith Yandle
42.3%
Keith Yandle
42.3%
John Klingberg
42.2%
Wayne Simmonds
40.8%
Wayne Simmonds
40.8%
Max Pacioretty
39.7%
Tyson Barrie
36.3%
Antti Niemi
35.6%
Tom Wilson
35.4%
Jaroslav Halak
34.6%
Brian Elliott
33.3%
Antti Raanta
29%
Antti Raanta
29%
Shayne Gostisbehere
28.6%
Ryan McDonagh
28.5%
Philipp Grubauer
28.4%
Philipp Grubauer
28.4%
Marc-Edouard Vlasic
28.3%
Chris Neil
27.9%
Juuse Saros
26.9%
Andrew Cogliano
25.4%
Andrew Cogliano
25.4%
Chris Kunitz
24%
Patric Hornqvist
21.9%
Chris Pronger
21.2%
Cal Clutterbuck
19.4%
Michael Grabner
18.7%
Jake Guentzel
18.4%
Tomas Vokoun
16.8%
Scott Hartnell
14.4%
Cody McLeod
14.4%
Alex DeBrincat
13.4%
Yanni Gourde
12.2%
Johnny Boychuk
11.4%
Adam Henrique
11.2%
Brian Rafalski
10.7%
Frans Nielsen
9.5%
Antoine Roussel
9.1%
Derek Dorsett
5.8%
Paul Byron
5.4%
Steve Downie
5.1%
Alexander Kerfoot
4.7%
Alex Tanguay
4.3%
Zenon Konopka
3.9%
Andrew Brunette
2.4%
Sergei Kostitsyn
1.8%

You're not logged in!

Compare scores with friends on all Sporcle quizzes.
OR
Log In

Sporcle TV

Today on Sporcle TV


Watch our educational content, quiz creation guides, and fun videos on Sporcle TV.

Show Comments

Extras

Top Quizzes Today


Score Distribution

Your Account Isn't Verified!

In order to create a playlist on Sporcle, you need to verify the email address you used during registration. Go to your Sporcle Settings to finish the process.

Report this User

Report this user for behavior that violates our Community Guidelines.

Details: